Kỹ thuật nuôi lươn vàng, cá trạch, ba ba

Trình bày kỹ thuật nuôi lươn, chạch, ba ba: chọn giống, nuôi, chữa bệnh, vận chuyển.

Na minha lista:
Detalhes bibliográficos
Autor principal: Đức Hiệp
Formato: Livro
Idioma:Undetermined
Publicado em: Hà Nội Nông Nghiệp 1999
Assuntos:
Tags: Adicionar Tag
Sem tags, seja o primeiro a adicionar uma tag!
Thư viện lưu trữ: Trung tâm Học liệu Trường Đại học Cần Thơ
LEADER 00704nam a2200205Ia 4500
001 CTU_37435
008 210402s9999 xx 000 0 und d
020 |c 14000 
082 |a 639.37 
082 |b Đ552 
100 |a Đức Hiệp 
245 0 |a Kỹ thuật nuôi lươn vàng, cá trạch, ba ba 
245 0 |c Đức Hiệp 
260 |a Hà Nội 
260 |b Nông Nghiệp 
260 |c 1999 
520 |a Trình bày kỹ thuật nuôi lươn, chạch, ba ba: chọn giống, nuôi, chữa bệnh, vận chuyển. 
650 |a Fish culture,Freshwater fishes,Turtle culture 
904 |i Minh 
980 |a Trung tâm Học liệu Trường Đại học Cần Thơ